Online Catalogue and eLibrary

Selfing the city (Record no. 5892)

MARC details
000 -LEADER
fixed length control field 00505nam a22001817a 4500
005 - DATE AND TIME OF LATEST TRANSACTION
control field 20240611065608.0
008 - FIXED-LENGTH DATA ELEMENTS--GENERAL INFORMATION
fixed length control field 240611b |||||||| |||| 00| 0 eng d
020 ## - INTERNATIONAL STANDARD BOOK NUMBER
ISBN 9788190676045
082 ## - DDC Classification
DDC Edition Number 22
Class No. 331
Item Number - Author Mark SEL
100 ## - MAIN ENTRY--PERSONAL NAME
Personal name Chanda, Ipshita
245 ## - TITLE STATEMENT
Title Selfing the city
Remainder of title Single women migrants and their lives kolkata
Statement of responsibility, etc. Ipshita, chanda
250 ## - EDITION STATEMENT
Edition statement 1 st
260 ## - PUBLICATION, DISTRIBUTION, ETC.
Place of publication, distribution, etc. New Delhi
Name of publisher, distributor, etc. SAGE Publication India Pvt Ltd
Date of publication, distribution, etc. 2017
300 ## - PHYSICAL DESCRIPTION
Extent (e.g. Volumes, Pages etc.) xi, 322 p .,
650 ## - SUBJECT ADDED ENTRY--TOPICAL TERM
Topical term or geographic name entry element Woman
650 ## - SUBJECT ADDED ENTRY--TOPICAL TERM
Topical term or geographic name entry element Empowerment
942 ## - Koha item type (Biblio)
Koha item type Books in Stacks (Lending)
Holdings
Lost status Damaged status Collection code Home library Current library Date acquired Full call number Accession Number Item type
    Lending WERC Library WERC Library 06/11/2024 331 SEL 7048 Books in Stacks (Lending)

© WERC Library